To lighten my house : poems / poems /
Descripción Física:
53 pàg. : il. b/n ; 22 cm
Otros Autores:
Roesch, Kurt, 1905-1984
Idioma:
English
MARC
| LEADER | 00000nam a22000007a 4500 | ||
|---|---|---|---|
| 001 | 24792 | ||
| 003 | AGDB | ||
| 005 | 20260324181535.0 | ||
| 008 | 251014b -us||||| |||| 00| 0 eng d | ||
| 041 | |a eng | ||
| 100 | |a Reid, Alastair, |d 1926-2014 |9 72461 | ||
| 245 | |a To lighten my house : |b poems / |c Alastair Reid | ||
| 260 | |a New York : |b Morgan & Morgan , |c 1953 | ||
| 300 | |a 53 pàg. : |b il. b/n ; |c 22 cm | ||
| 500 | |a Prové del fons Joan Junyer i Pascual (1909-1994) | ||
| 500 | |a Conté dedicatòria manuscrita | ||
| 650 | 0 | |a Poesia escocesa |9 72462 |y S. XX | |
| 650 | 0 | |a Fons Joan Junyer i Pascual (1909-1994) |9 72777 | |
| 700 | |a Roesch, Kurt, |d 1905-1984 |9 72463 |e il. | ||
| 942 | |2 udc |c ARXIU |n 1 | ||
| 952 | |0 0 |1 0 |4 0 |6 F50453 |7 1 |9 98444 |a Arxiu |b Arxiu |d 2025-10-14 |l 0 |o F-504-53 |p 24792 |r 2025-10-14 10:34:09 |w 2025-10-14 |y ARXIU | ||
| 999 | |c 130198 |d 130198 | ||